000 01074nam a2200265 i 4500
001 36451
003 ES-MaACL
005 20251128111820.0
007 t|
008 030218s1974 mx ||||1| spa d
100 1 _aBujarin, Nikolai Ivanovich,
_d1888-1938
_9242370
245 1 0 _aTeoría del materialismo histórico
_b: ensayo popular de sociologia marxista /
_cpor Nicolai Ivanovich Bujarin ; prólogo de Aldo Zanardo ; dos comentarios críticos de Antonio Gramsci y Gyorgy Lukács ; [traducción de Pablo de la Torriente Brau y Grabriel Barceló].
250 _a[2ª ed.].
260 _a[Madrid :
_bSiglo Veintiuno,
_c1974]
300 _aVII, 398 p. ;
_c21 cm.
650 4 _aMaterialismo histórico.
_914850
700 1 _aZanardo, Aldo.
_9117965
700 1 _aGramsci, Antonio,
_d1891-1937
_9241506
700 1 _aLukács, György,
_d1885-1971
_974718
700 1 _aTorriente Brau, Pablo de la.
_9111042
700 1 _aBarceló, Gabriel.
_925502
852 _aES-MaACL
_jE-5783
_bR.89934
852 _aES-MaACL
_jE-6095
_bR.90452
999 _c36451
_d36451